Readings in the study of visually perceived movement (Record no. 1350757)

MARC details
000 -LEADER
fixed length control field 00546nam a2200193Ia 4500
005 - DATE AND TIME OF LATEST TRANSACTION
control field 20250508154525.0
008 - FIXED-LENGTH DATA ELEMENTS--GENERAL INFORMATION
fixed length control field 008 250505s9999 xx 000 0 eng d
037 ## - SOURCE OF ACQUISITION
Stock number Textual
040 ## - CATALOGING SOURCE
Original cataloging agency FEDL
Language of cataloging eng
Transcribing agency FEDL
041 ## - LANGUAGE CODE
Language code of text/sound track or separate title eng
Source of code eng
084 ## - COLON CLASSIFICATION NUMBER
Classification number 152.7, SPI
Assigning agency FEDL
100 ## - MAIN ENTRY--PERSONAL NAME
Personal name Spigel Irwin M
9 (RLIN) 765573
245 #0 - TITLE STATEMENT
Title Readings in the study of visually perceived movement
260 ## - PUBLICATION, DISTRIBUTION, ETC.
Place of publication, distribution, etc. New York, USA
Name of publisher, distributor, etc. Harper and Row
Date of publication, distribution, etc. 1965
300 ## - PHYSICAL DESCRIPTION
Extent ix,347p
365 ## - TRADE PRICE
Price type code INR
Price amount 36.49
942 ## - ADDED ENTRY ELEMENTS (KOHA)
Koha item type Textual
Classification part 152.7, SPI
Holdings
Withdrawn status Lost status Damaged status Not for loan Home library Current library Date acquired Cost, normal purchase price Total Checkouts Full call number Barcode Date last seen Price effective from Koha item type
        Department of Education Library Department of Education Library 2025-05-08 36.49   152.7, SPI EL0034808 2025-05-08 2025-05-08 Textual
Copyright @ Delhi University Library System